[Event "Quart de Poblet op 6th"]
[Site "Quart de Poblet"]
[Date "2018.08.27"]
[Round "1.3"]
[White "Soliva Ruiz, Ramon"]
[Black "Alonso Garcia, Aaron"]
[Result "0-1"]
[WhiteElo "1648"]
[BlackElo "2321"]
[PlyCount "64"]
[EventDate "2018.08.27"]
[EventType "swiss"]
[EventRounds "9"]
[EventCountry "ESP"]
[SourceTitle "EXT 2024"]
[Source "ChessBase"]
[SourceDate "2023.10.10"]
[SourceVersion "1"]
[SourceVersionDate "2023.10.10"]
[SourceQuality "1"]

1. Nf3 c5 2. c4 Nc6 3. g3 g6 4. Bg2 Bg7 5. Nc3 d6 6. 0-0 e5 7. d3 Nge7 8. Rb1 0-0 9. a3 a5 10. Ne1 Be6 11. Nc2 d5 12. cxd5 Nxd5 13. Bd2 a4 14. Ne3 Nb6 15. Ne4 Qe7 16. Rc1 Bb3 17. Qe1 Nd7 18. Nxc5 Nxc5 19. Bb4 Nxb4 20. axb4 Ne6 21. Nd5 Qd6 22. Ne3 Rac8 23. Nc4 Qd4 24. Bxb7 Rc7 25. Ba6 Ra8 26. b5 Bxc4 27. dxc4 Rxc4 28. Qa5 Rxc1 29. Rxc1 Qxb2 30. Rc4 Bf8 31. b6 a3 32. b7 Qxb7 0-1

[Event "Valencia Region-ch Segunda"]
[Site "Valencia"]
[Date "2015.11.14"]
[Round "6.8"]
[White "Longas Gonzalez, Marta"]
[Black "Soliva Ruiz, Ramon"]
[Result "0-1"]
[WhiteElo "1453"]
[BlackElo "1597"]
[PlyCount "132"]
[EventDate "2015.10.03"]
[EventType "swiss"]
[EventRounds "7"]
[EventCountry "ESP"]
[SourceTitle "EXT 2024"]
[Source "ChessBase"]
[SourceDate "2023.10.10"]
[SourceVersion "1"]
[SourceVersionDate "2023.10.10"]
[SourceQuality "1"]

1. d4 Nf6 2. c4 c5 3. Nf3 cxd4 4. Qxd4 Nc6 5. Qd1 e5 6. e3 Bb4+ 7. Bd2 Bxd2+ 8. Nbxd2 Qb6 9. Qc2 0-0 10. Bd3 Nb4 11. Qb3 Nxd3+ 12. Qxd3 Re8 13. Qc3 d6 14. 0-0 Be6 15. b3 Rac8 16. Qd3 Bg4 17. Ng5 Bh5 18. Nde4 Nxe4 19. Nxe4 Bg6 20. Qd5 Red8 21. Rfd1 Bxe4 22. Qxe4 Qc6 23. Qxc6 Rxc6 24. Rd5 Kf8 25. f4 f6 26. f5 g6 27. e4 gxf5 28. exf5 Rd7 29. Rad1 Ke7 30. R1d3 Kd8 31. g4 Kc7 32. a3 Rg7 33. h3 h5 34. Rg3 hxg4 35. hxg4 Rc5 36. Rdd3 Kc6 37. Kf2 e4 38. Rd4 Re5 39. Ke3 Rxf5 40. Kxe4 Rfg5 41. Kf4 f5 42. Rdd3 Rxg4+ 43. Rxg4 fxg4 44. Rg3 Kc5 45. Ke4 a6 46. Kd3 b5 47. b4+ Kc6 48. Kd4 bxc4 49. Kxc4 d5+ 50. Kd4 Rg5 51. Rc3+ Kb5 52. Rg3 a5 53. bxa5 Kxa5 54. Ke3 Kb5 55. Kf4 Rg8 56. Rxg4 Rxg4+ 57. Kxg4 Kc4 58. Kf4 d4 59. Ke4 Kc3 60. a4 d3 61. a5 d2 62. a6 d1Q 63. a7 Qa1 64. a8Q Qxa8+ 65. Ke5 Qc6 66. Kf4 Qe6 0-1

[Event "Berlin Lichtenberger op 11th"]
[Site "Berlin"]
[Date "2012.08.19"]
[Round "2"]
[White "Walter, Guenter2222"]
[Black "Soliva Ruiz, Ramon"]
[Result "1-0"]
[WhiteElo "1983"]
[BlackElo "1620"]
[PlyCount "87"]
[EventDate "2012.08.18"]
[EventType "swiss"]
[EventRounds "9"]
[EventCountry "GER"]
[SourceTitle "CBM 150 Extra"]
[Source "ChessBase"]
[SourceDate "2012.10.19"]
[SourceVersion "1"]
[SourceVersionDate "2012.10.19"]
[SourceQuality "1"]

1. e4 c5 2. Nf3 d6 3. d4 cxd4 4. Qxd4 Nc6 5. Bb5 Bd7 6. Bxc6 Bxc6 7. Nc3 e5 8. Qd3 h6 9. 0-0 Nf6 10. Be3 Be7 11. Rad1 a6 12. Rfe1 0-0 13. h3 Qc7 14. Nd2 b5 15. f4 Rad8 16. Nd5 Qb7 17. Nxe7+ Qxe7 18. Bb6 Rd7 19. fxe5 dxe5 20. Qc3 Bb7 21. Bc5 Qd8 22. Bxf8 Kxf8 23. Qb4+ Kg8 24. Re2 Rd4 25. c4 Qd7 26. Rde1 bxc4 27. Nf3 Rxe4 28. Rxe4 Bxe4 29. Kh2 Bxf3 30. gxf3 Qc7 31. Kg2 Nh5 32. Re4 Nf4+ 33. Kf1 Nxh3 34. Rxc4 Qd7 35. Qb8+ Kh7 36. Qxe5 Qd3+ 37. Qe2 Qxe2+ 38. Kxe2 Nf4+ 39. Rxf4 Kg6 40. Kf2 f5 41. Ra4 Kg5 42. Rxa6 g6 43. a4 Kf4 44. Rxg6 1-0